| 000 | 00448nam a2200193Ia 4500 | ||
|---|---|---|---|
| 005 | 20250603145505.0 | ||
| 008 | 250603s9999 xx 000 0 und d | ||
| 020 | _a9781451188899 | ||
| 050 | _aRB 32 .A78/ | ||
| 100 | _aArthur S. Schneider | ||
| 245 | 0 | _aPathology | |
| 250 | _a5th ed. | ||
| 260 | _aPhiladelphia | ||
| 260 | _bLippincott/Williams & Wilkins | ||
| 260 | _c2014 | ||
| 300 | _a454 p | ||
| 650 | _aPhiladelphia | ||
| 942 | _cBK | ||
| 999 |
_c42007 _d42007 |
||